Dejiny umenia 4 : Umenie 18. a 19. storočia

Guardado en:
Detalles Bibliográficos
Autor principal: Alpatov, Michail V (Autor)
Formato: Libro
Lenguaje:eslovaco
Publicado: Bratislava : Tatran, 1978
Edición:Z nem. prel. P.Hrivňák
Materias:
Etiquetas: Agregar Etiqueta
Sin Etiquetas, Sea el primero en etiquetar este registro!

MARC

LEADER 00000nam a22000003a 4500
001 stu77178
005 20150617225641.4
008 020916s1978------------------------slo-d
040 |a STU  |b slo 
041 0 |a slo 
080 |a 75.03 
100 1 |a Alpatov, Michail V  |4 aut 
245 1 |a Dejiny umenia 4 :  |b Umenie 18. a 19. storočia 
250 |a Z nem. prel. P.Hrivňák 
260 |a Bratislava :  |b Tatran,  |c 1978 
300 |a 172 s 
650 7 |a dejiny umenia  |2 stusub 
996 |b 284AU00095  |c A*3705 U  |l AAKNAR  |s A  |a 24  |w stu77178_0001 
996 |b 284V028300  |c V*14816/E-1015  |l VVT  |s A  |a 24  |w stu77178_0002 
996 |b 284AU00094  |c A*3706 U  |l AAKNAR  |s A  |a 24  |w stu77178_0003 
996 |b 284V037070  |c V*14817/E-1015a  |l VVT  |s A  |a 24  |w stu77178_0004